Гуманізм і духовність у контексті культури (Запис № 308201)

МАРК-запис
000 -Лідер
fixed length control field 00767nam a22002417a 4500
003 - Ідентифікатор контрольного номера
control field UA-OsUOA
001 - Контрольний номер
control field 21991
007 - Фіксоване поле фізичного опису
fixed length control field ta
008 - Елементи даних фіксованої довжини – загальна інформація
fixed length control field 20031216b un ||||| |||| 00| 0 ukr d
090 ## - Локальний шифр розміщення
Класифікаційний індекс УДК 008(477)
Авторський знак (НП) Г94
040 ## - Джерело каталогізації
Агенція оригінальної каталогізації UA-OsUOA
Мова каталогізації ukr
Агенція, яка здійснювала перезапис UA-OsUOA
Агенція, яка здійснювала модифікацію UA-OsUOA
041 ## - Код мови
Код мови тексту/ звукової доріжки чи окремого заголовка (П) ukr
080 ## - Індекс Універсальної десяткової класифікації
Індекс Універсальної десяткової класифікації (УДК) (НП) 008(477)
044 ## - Код країни видавця/ виробника
Код країни видавця/ виробника (П) UA
245 ## - Відомості про назву
Назва (НП) Гуманізм і духовність у контексті культури
Решта назви (НП) Духовність національної культури. Духовність і генеза особистості
Дані про відповідальність (НП) Ред. Т.Біленко В.Скотний В.Здоровенко
260 ## - Публікація, розповсюдження і т.п. (Вихідні дані)
Місце публікації, розповсюдження і т.п. (П) Дрогобич
Дата публікації, розповсюдження і т.п. (П) 1995
246 31 - Інша форма назви
Назва (НП) Кн.2
Номер частини/ розділ роботи (П)
300 ## - Фізичний опис
Обсяг 263 с.
650 #7 - Додаткове предметне введення – тематичний термін
Джерело заголовка чи терміна UDC
942 ## - Додаткові елементи входу (Коха)
Тип елемента Koha Книги
955 ## - Код типу видання за змістом
Код типу видання за змістом (НП) інше
Фонди
Стан вилучень Стан втрат Джерело класифікації або схеми стелажів Стан уражень Не для кредиту Постійне місце розташування Поточне розміщення Дата придбання Вартість, звичайна ціна покупки Інвентарний номер Усього замовленно Повний номер виклику Штрих-код Дата останнього перегляду Ціна ефективна від Тип елемента Koha
    Universal Decimal Classification     ЧЗ - Читальна зала ЧЗ - Читальна зала 16/12/2003 3.00 62139   008(477) Г94 62139 09/02/2022 16/12/2003 Книги
    Universal Decimal Classification     ЧЗ - Читальна зала ЧЗ - Читальна зала 16/12/2003 3.00 62140   008(477) Г94 62140 09/02/2022 16/12/2003 Книги